000 01054nam a2200217Ia 4500
999 _c38175
_d38175
001 4165
003 GE_BSU
005 20190920171939.0
008 181216s1962||||ge |||||||||||||| ||geo||
040 _cGE_BSU
041 _ageo
080 _a398(55)+821.222.1 ს–76
245 _aსპარსული ზეპირსიტყვიერების ნიმუშები :
_bწ. 1. /
_cწინასიტყვ., თარგმ. და შენიშვნები ნ. ბექაურის და ჯ. გიუნაშვილისა; რედ. მ. თოდუა.
264 _aთბ.:
_bსაქ. სსრ მეცნ. აკად. გამ-ბა,
_c1962.
300 _a100 გვ. ;
_b22 სმ.
500 _aპარალ. თავფურც. რუს. ენ..
504 _aბიბლიოგრ: გვ. 99-100.
653 _aსპარსული ზეპირსიტყვიერება
700 _aთოდუა, მ.
_eრედაქტორი
_94208
942 _cBK
_2udc